Statistiques concernant Fifa TOTY nominés 2023

Cliquez ici pour prendre le quiz!

Statistiques générales

  • Ce quiz a été pris 186 fois
    (174 depuis la dernière actualisation)
  • Le résultat moyen est 27 sur 100

Statistiques - réponses

HintRéponse% Correct
Gardienscourtois
88%
messi
77%
mbappe
74%
alisson
71%
ederson
70%
van dijk
70%
maignan
68%
benzema
65%
modric
65%
de bruyne
62%
martinez
60%
neymar
60%
hakimi
59%
haaland
58%
lloris
58%
hernandez
57%
militao
57%
cancelo
53%
vinicius
53%
kroos
52%
bellingham
47%
bounou
47%
lewandowski
47%
pedri
47%
silva
47%
mane
45%
salah
43%
kane
42%
marquinhos
42%
valverde
41%
casemiro
36%
kimmich
36%
upamecano
36%
griezmann
33%
koulibaly
33%
tchouameni
33%
son
30%
dembele
29%
foden
29%
rodri
29%
saka
28%
giroud
26%
davies
25%
koundé
25%
leao
24%
ruben dias
24%
fernandes
22%
kolo muani
19%
otamendi
18%
rabiot
17%
amrabat
15%
fernandez
15%
fekir
14%
fofana
14%
odegaard
14%
tomori
14%
jesus
13%
kobel
13%
ben yedder
12%
bremer
12%
gvardiol
12%
nunez
12%
romero
12%
trapp
11%
clauss
10%
james
10%
tonali
10%
acuna
9%
diaby
9%
sule
9%
szczesny
9%
felix
8%
rice
8%
milieuxbarella
7%
perisic
7%
défenseursthiago silva
7%
doan
6%
vlahovic
6%
biraghi
5%
brozovic
5%
immobile
5%
parejo
5%
terrier
5%
trippier
5%
grimaldo
4%
kulusevski
3%
attaquantsaspas
2%
berghuis
2%
frimpong
2%
grifo
2%
kostic
2%
merino
2%
milinkovic-savic
2%
iglesias
1%
kamada
1%
ohsimen
1%
pellegrini
1%
gagkpo
0%
nukunku
0%

Distribution des résultats

Percentile par nombre de réponses

% des personnes avec chaque résultat

Votre développement - résultats

Vous n’avez pas pris ce quiz depuis la dernière actualisation